A manager at large (Record no. 351497)

000 -LEADER
fixed length control field 00301cam a22001217a 4500
008 - FIXED-LENGTH DATA ELEMENTS--GENERAL INFORMATION
fixed length control field 180718b1979 xxu||||| |||| 00| 0 eng d
082 ## - DEWEY DECIMAL CLASSIFICATION NUMBER
Classification number I29 P88
100 ## - MAIN ENTRY--PERSONAL NAME
Personal name Prabhu, V.V.
245 ## - TITLE STATEMENT
Title A manager at large
Statement of responsibility, etc. by V.V. Prabhu
260 ## - PUBLICATION, DISTRIBUTION, ETC.
Place of publication, distribution, etc. New Delhi
Name of publisher, distributor, etc. Vikas
Date of publication, distribution, etc. 1979
300 ## - PHYSICAL DESCRIPTION
Extent 125p.
650 ## - SUBJECT ADDED ENTRY--TOPICAL TERM
Topical term or geographic name entry element Executives
Holdings
Withdrawn status Lost status Damaged status Not for loan Permanent Location Current Location Date acquired Full call number Barcode Date last seen Price effective from Koha item type
        Indian Institute of Public Administration Indian Institute of Public Administration 1993-11-15 I29 P88 54668 2018-07-21 2018-07-21 Book

Powered by Koha